000 00621nam a22002052i 4500
001 2573
003 BD-RjUL
005 20211208233601.0
008 500101s1954 xxk 000 0 eng d
035 _a(BD-RjUL)2600
040 _aUKM
_cUKM
_dEQO
_dBD-RjUL
_beng
041 _aeng
082 _a306.0954914
_223
_bDAS 1954
100 1 _aDarling, Malcolm
_98314
245 1 0 _aSelections from Rusticus loquitur, or, The old light & the new /
_cby Malcolm Darling
260 _aLondon :
_bOxford University Press ,
_c1954.
300 _avi, 62 p. ;
_c19 cm
650 _aEthnology
_zIndia
_zPunjab.
_98315
942 _2ddc
_cBK
999 _c2573
_d2573